| 000 | 00921cam a22002777a 4500 | ||
|---|---|---|---|
| 003 | CHAP | ||
| 005 | 20220329140314.0 | ||
| 008 | 971013s1931 r 00010 d | ||
| 010 | _a50106 | ||
| 011 | _a51078 | ||
| 035 | _a55228 | ||
| 040 | _cCHAP | ||
| 082 |
_a584.9 _bP4 |
||
| 100 | 0 | 0 |
_aPhillips, E. Percy. _987810 |
| 245 | 1 | 3 | _aAn introduction to the study of the South African grasses with notes on their structure, distribution, cultivation, etc. |
| 260 |
_a(Pretoria) : _bCentral News Agency, _c1931 |
||
| 300 |
_a224 p. _b: láms. |
||
| 490 | 0 |
_aSouth African agricultural series _v; 6 |
|
| 590 |
_aBATCH-UPD _b10 _c20130110 _lUCH01 _h0541 |
||
| 590 |
_aCONVERSION _b10 _c20130109 _lUCH01 _h1327 |
||
| 650 | 1 | 4 |
_aPastos _xAfrica. _985987 |
| 830 | 0 |
_aSouth African agricultural series _v; 6 _9108961 |
|
| 901 | _aBK | ||
| 942 | _cLIBRO | ||
| 949 |
_a584.9 P4 _bBC _cLIBRO _d33724000355228 _eLIBRO _h14758 _i55228 _mD _si |
||
| 999 |
_c50106 _d50106 |
||